| 000 | 00451nam a2200181 a 4500 | ||
|---|---|---|---|
| 005 | 20210219153529.0 | ||
| 008 | 991125n 000 0 spa u | ||
| 035 | _aUPN01000105018 | ||
| 100 | _aSANDOVAL ROMO, Georgina | ||
| 222 | _aEDUCACION Y DESARROLLO | ||
| 245 | _aLa vocación del maestro | ||
| 300 | _a9-12 | ||
| 362 | _a1981 Año 3, no. 32, mar. | ||
| 653 | 0 | _aMAESTROS | |
| 653 | 0 | _aMEXICO | |
| 904 |
_aAC _b042829 |
||
| 905 | _aArticulo | ||
| 999 |
_c79197 _d79197 |
||